|
|
|
|
| LEADER |
00000cam a2200000 7i4500 |
| 001 |
0000008328 |
| 005 |
20161103.0 |
| 040 |
|
|
|a INS
|
| 090 |
0 |
0 |
|a HJ3241
|b I58 1968
|
| 245 |
1 |
0 |
|a International Property Assessment Administration :
|b Proceedings of the 34th Annual International Conference on assessment administration
|
| 260 |
|
|
|a Chicago :
|b Illinois USA :
|b International Association Of Assessing ,
|c 1968
|
| 300 |
|
|
|a v, 240p. ;
|c 24cm.
|
| 650 |
|
0 |
|a Tax assessment
|v Congresses
|
| 650 |
|
0 |
|a Tax assessment
|z United States
|v Congresses
|
| 650 |
0 |
0 |
|a Valuation
|
| 999 |
|
|
|a 0000024087
|b BOOK
|c Open Shelf
|e Default branch
|